|
|
|
|
| LEADER |
01911nam a2200301 a 4500 |
| 001 |
GR-MES990 |
| 008 |
991111s1991 gr b 001 0 gre|c |
| 020 |
|
|
|a 960212007X
|
| 040 |
|
|
|a GrPaTEI
|b gre
|c GR-PaULI
|
| 100 |
1 |
|
|a Bolton, Robert,
|d 1929-
|
| 240 |
1 |
0 |
|a Social style/management style.
|l Ελληνικά
|
| 245 |
1 |
0 |
|a Σωστό μάνατζμεντ :
|b με βάση το κοινωνικό στιλ /
|c Robert Bolton, Dorothy G. Bolton ; μετάφραση Μυρτώ Αναγνωστοπούλου-Πισσαλίδου.
|
| 250 |
|
|
|a 2η έκδ.
|
| 260 |
|
|
|a Θεσσαλονίκη :
|b Αγροτικές Συνεταιριστικές Εκδόσεις,
|c [1991].
|
| 300 |
|
|
|a xi, 229 σ. :
|b εικ. ;
|c 21 εκ.
|
| 490 |
0 |
|
|a Βιβλιοθήκη μάνατζμεντ
|
| 500 |
|
|
|a Μετάφραση του: Social style/management style.
|
| 504 |
|
|
|a Περιλαμβάνει βιβλιογραφικές παραπομπές και ευρετήριο.
|
| 650 |
|
0 |
|a Psychology, Industrial.
|
| 650 |
|
4 |
|a Ψυχολογία, Βιομηχανική.
|
| 700 |
1 |
|
|a Bolton, Dorothy Grover
|e συγγραφέας.
|
| 700 |
1 |
|
|a Αναγνωστοπούλου-Πισσαλίδου, Μυρτώ,
|d 1944-
|e μεταφράστρια.
|
| 942 |
|
|
|2 ddc
|
| 952 |
|
|
|0 0
|1 0
|2 ddc
|4 0
|6 658_000000000000000_BOL
|7 0
|9 264768
|a MSLG
|b MSLG
|c BSC
|d 2021-01-17
|e 24
|f 0
|g 0.00
|l 0
|o 658 BOL
|p 2420000001699
|r 2021-01-17 00:00:00
|t 1
|w 2021-01-17
|y BK15
|x 19991111 0 1
|x GrPaTEI
|
| 952 |
|
|
|0 0
|1 0
|2 ddc
|4 0
|6 658_000000000000000_BOL
|7 0
|9 264769
|a MSLG
|b MSLG
|c BSC
|d 2021-01-17
|e 24
|f 0
|g 0.00
|l 0
|o 658 BOL
|p 2420000001700
|r 2021-01-17 00:00:00
|t 1
|w 2021-01-17
|y BK15
|x 19991111 0 1
|x GrPaTEI
|
| 952 |
|
|
|0 0
|1 0
|2 ddc
|4 0
|6 658_000000000000000_BOL
|7 0
|9 264770
|a MSLG
|b MSLG
|c BSC
|d 2021-01-17
|e 24
|f 0
|g 0.00
|l 0
|o 658 BOL
|p 2420000001701
|r 2021-01-17 00:00:00
|t 1
|w 2021-01-17
|y BK15
|x 19991111 0 1
|x GrPaTEI
|
| 971 |
|
|
|a .b25720326
|b 15-04-20
|c 13-09-16
|
| 999 |
|
|
|c 152280
|d 152280
|